Ataques a la prensa : Informe 2002-2003 /

Guardado en:
Detalles Bibliográficos
Autor corporativo: Periodistas, Asociación para la Defensa del Periodismo Independiente
Otros autores: Moralejo Martín, Mabel (edición) (edición), Sánchez, Adrían Martín (edición) (edición), Febbo, Dino Pablo (edición) (edición)
Formato: Libro
Idioma:Español
Publicado: Buenos Aires, Argentina : Periodistas, Asociación para la Defensa del Periodismo Independiente : Siglo XXI, 2003, c2003
Temas:
Etiquetas: Agrega una etiqueta
Sin etiquetas, Sé el primero en etiquetar este registro!

MARC

LEADER 00000nam^a2200000^a^4500
001 000162554
005 20250521000000.0
009 20260310100836.578
020 |a 987-1105-32-0 
037 |a Acervo ITESO - Biblioteca 
041 |a ESP 
082 |a 322. 31  |b ASO 2002-2003 
110 |a Periodistas, Asociación para la Defensa del Periodismo Independiente 
245 1 0 |a Ataques a la prensa :  |b Informe 2002-2003 /  |c Periodistas, Asociación para la Defensa del Periodismo Independiente ; ed. de M. Moralejo Martín, A.M. Sánchez, D.P. Febbo ; pról. de Rosendo Fraga. 
264 4 |a Buenos Aires, Argentina :  |b Periodistas, Asociación para la Defensa del Periodismo Independiente :  |b Siglo XXI,  |c 2003, c2003 
300 |a 333 p. 
336 |a texto  |b txt  |2 rdacontenido 
337 |a sin mediación  |b n  |2 rdamedio 
338 |a volumen  |b nc  |2 rdasoporte 
649 |a XX 
650 |a Asociaciones Profesionales -  |z Argentina -  |x Informes 
650 |a Asociaciones Civiles -  |z Argentina -  |x Informes 
650 |a Periodístas Argentinos -  |x Condiciones Jurídicas 
650 |a Periodístas Argentinos -  |x Condiciones Políticas 
650 |a Periodístas Chilenos -  |x Condiciones Jurídicas 
650 |a Periodístas Chilenos -  |x Condiciones Políticas 
650 |a Periodístas Brasileños -  |x Condiciones Jurídicas 
650 |a Periodístas Brasileños -  |x Condiciones Políticas 
650 |a Periodismo de Investigación -  |z Argentina -  |x Aspectos Jurídicos 
650 |a Periodismo de Investigación -  |z Chile -  |x Aspectos Jurídicos 
650 |a Periodismo de Investigación -  |z Brasil -  |x Aspectos Jurídicos 
650 |a Periodismo Político -  |z Argentina -  |x Historia -  |y Siglo XXI 
650 |a Periodismo Político -  |z Chile -  |x Historia -  |y Siglo XXI 
650 |a Periodismo Político -  |z Brasil -  |x Historia -  |y Siglo XXI 
650 |a Medios de Comunicación -  |z Argentina -  |x Historia -  |y Siglo XXI 
650 |a Medios de Comunicación -  |z Chile -  |x Historia -  |y Siglo XXI 
650 |a Medios de Comunicación -  |z Brasil -  |x Historia -  |y Siglo XXI 
650 |a Comunicación Masiva -  |z Argentina -  |x Historia -  |y Siglo XXI 
650 |a Comunicación Masiva -  |z Chile -  |x Historia -  |y Siglo XXI 
650 |a Comunicación Masiva -  |z Brasil -  |x Historia -  |y Siglo XXI 
650 |a Opinión Publica -  |z Argentina -  |x Historia -  |y Siglo XXI 
650 |a Opinión Pública -  |z Chile -  |x Historia -  |y Siglo XXI 
650 |a Opinión Pública -  |z Brasil -  |x Historia -  |y Siglo XXI 
650 |a Derecho a la Información -  |z Argentina -  |x Historia -  |y Siglo XXI 
650 |a Derecho a la Información -  |z Chile -  |x Historia -  |y Siglo XXI 
650 |a Derecho a la Información -  |z Brasil -  |x Historia -  |y Siglo XXI 
650 |a Libertad de Información -  |z Argentina -  |x Historia -  |y Siglo XXI 
650 |a Libertad de Información -  |z Chile -  |x Historia -  |y Siglo XXI 
650 |a Libertad de Información -  |z Brasil -  |x Historia -  |y Siglo XXI 
650 |a Credibilidad (Medios de Comunicación) -  |z Argentina -  |x Historia -  |y Siglo XXI 
650 |a Credibilidad (Medios de Comunicación) -  |z Chile -  |x Historia -  |y Siglo XXI 
650 |a Credibilidad (Medios de Comunicación) -  |z Brasil -  |x Historia -  |y Siglo XXI 
650 |a Credibilidad Política -  |z Argentina -  |x Historia -  |y Siglo XXI 
650 |a Credibilidad Política -  |z Chile -  |x Historia -  |y Siglo XXI 
650 |a Credibilidad Política -  |z Brasil -  |x Historia -  |y Siglo XXI 
650 |a Represión -  |z Argentina -  |x Historia -  |y Siglo XXI 
650 |a Represión -  |z Chile -  |x Historia -  |y Siglo XXI 
650 |a Represión -  |z Brasil -  |x Historia -  |y Siglo XXI 
650 |a Violencia Política -  |z Argentina -  |x Historia -  |y Siglo XXI 
650 |a Violencia Política -  |z Chile -  |x Historia -  |y Siglo XXI 
650 |a Violencia Política -  |z Brasil -  |x Historia -  |y Siglo XXI 
650 |a Poder (Ciencias Sociales) -  |z Argentina -  |x Historia -  |y Siglo XXI 
650 |a Poder (Ciencias Sociales) -  |z Chile -  |x Historia -  |y Siglo XXI 
650 |a Poder (Ciencias Sociales) -  |z Brasil -  |x Historia -  |y Siglo XXI 
650 |a Derecho a la Información -  |z Argentina -  |x Historia -  |y Siglo XXI 
650 |a Derecho a la Información -  |z Argentina -  |x Historia -  |y Siglo XXI 
650 |a Derecho a la Información -  |z Chile -  |x Historia -  |y Siglo XXI 
650 |a Derecho a la Información -  |z Brasil -  |x Historia -  |y Siglo XXI 
650 |a Comunicación y Democracia -  |z Argentina -  |x Historia -  |y Siglo XXI 
650 |a Comunicación y Democracia -  |z Chile -  |x Historia -  |y Siglo XXI 
650 |a Comunicación y Democracia -  |z Brasil -  |x Historia -  |y Siglo XXI 
650 |a Comunicación y Política -  |z Argentina -  |x Historia -  |y Siglo XXI 
650 |a Comunicación y Política -  |z Chile -  |x Historia -  |y Siglo XXI 
650 |a Comunicación y Política -  |z Brasil -  |x Historia -  |y Siglo XXI 
700 |a Moralejo Martín, Mabel  |e (edición) 
700 |a Sánchez, Adrían Martín  |e (edición) 
700 |a Febbo, Dino Pablo  |e (edición) 
910 |a Fondo General 
920 |a Impresos - Libros 
930 |a Colección General 
905 |a 101 
901 |a 0500096631  |b IT1  |c ACC  |u 20250521 
902 |a https://opac.biblio.iteso.mx/vufind/Record/000162554